000 00490nam a2200169Ia 4500
003 GCL
008 140319s9999 xx 000 0 eng d
040 _aGCL /
_cGCL
082 0 4 _a822.33
_bP S
100 1 _aPOWELL, RAYMOND
245 1 0 _aSHAKESPEARE AND THE CRITICS DEBATE: A GUIDE FOR STUDENTS /
_cPOWELL, RAYMOND
260 _a[S.N] :
_bTHE MACMILLAN PRESS ،
_c1980
300 _a167 P
650 0 4 _aCRITICISM AND INTER PRETATION
650 0 4 _aSHAKESPEARE, WILLIAM
942 _2ddc
_cBK
999 _c24599
_d24599